Statistics for European Countries Belonging to a Minority Language Family

Click here to take the quiz!

General Stats

  • This quiz has been taken 185 times
  • The average score is 8 of 9

Answer Stats

Answer% Correct
Finland
96%
Greece
94%
Albania
93%
Hungary
91%
Estonia
90%
Lithuania
86%
Latvia
85%
Malta
80%
Kosovo
60%

Score Distribution

Percentile by Number Answered

Percent of People with Each Score

Your Score History

You have not taken this quiz